Normal view
MARC view
- México
Entry Nombre Geográfico
Number of records used in: 149
001 - NÚMERO DE CONTROL
- campo de control: 5376
003 - IDENTIFICADOR DE NUMERO DE CONTROL
- campo de control: UPN
005 - FECHA Y HORA DE LA ÜLTIMA TRANSACCIÓN
- campo de control: 20220607145514.0
008 - DATOS DE LONGITUD FIJA
- campo de control de longitud fija: 220607n||acnnnbabn b ana |d
035 ## - NÚMERO DE CONTROL
- Número de control: UPN10000005376
040 ## - FUENTE DE CATALOGACIÓN
- Agencia de catalogación original: UPN
- Lenguaje de catalogación: spa
- Agencia de transcripción: UPN
151 ## - ENCABEZAMIENTO - NOMBRE GEOGRÁFICO
- Nombre geográfico: México
- Subdivisión general : Historia
- Subdivisión general : Estudio y enseñanza (Elemental)
670 ## - FUENTE EN LA QUE SE LOCALIZARON DATOS
- Cita de la fuente: E/P
902 ## - CATALOGADOR
- Catalogador: MEEG/211106
